All Sneaky Sasquatch Locations - Statistics

General Stats
  • This quiz has been taken 23 times
  • The average score is 6 of 14
Answer Stats
Hint Location % Correct
Ships Port
81%
Land Town
81%
Land Island
76%
Cars Race Track
62%
Corporation R-CORP
62%
Water Lake
57%
Government Town Hall
57%
Land Campground
48%
Shopping Strip Mall
48%
Resort Ski Mountain
33%
Cars Car Dealer
14%
Place Your Home
10%
Land Campground Island
5%
Shopping Raccon Shop
5%
No matching quizzes found
Score Distribution
Percent of People with Each Score
Percentile by Number Answered
Your Score History
You have not taken this quiz